[Event "32. Abierto Ciudad de Sevilla"]
[Site "Sevilla ESP"]
[Date "2007.01.10"]
[Round "4.5"]
[White "Narciso Dublan, Marc"]
[Black "Gavrilov, Alexei"]
[Result "1/2-1/2"]
[WhiteElo "2537"]
[BlackElo "2465"]
[PlyCount "136"]
[EventDate "2007.01.07"]
[EventType "swiss"]
[EventRounds "9"]
[EventCountry "ESP"]
[Source "lmi"]
[SourceDate "2007.01.07"]

1. e4 c6 2. d3 d5 3. Nd2 e5 4. Ngf3 Bd6 5. g3 Nf6 6. Bg2 O-O 7. O-O Re8 8. Re1
a5 9. exd5 cxd5 10. c4 Nc6 11. cxd5 Nxd5 12. a3 Bc7 13. h3 h6 14. d4 exd4 15.
Rxe8+ Qxe8 16. Nb3 Bb6 17. Nfxd4 Nxd4 18. Nxd4 Qe5 19. Ne2 Be6 20. Nf4 Rd8 21.
Qe2 Qxe2 22. Nxe2 Rc8 23. Bxd5 Bxd5 24. Nc3 Be6 25. h4 Bd4 26. Bd2 Rd8 27. Be1
Bb3 28. Rb1 a4 29. Ne2 Bb6 30. Bc3 g5 31. hxg5 hxg5 32. Rc1 Kh7 33. Bb4 Rd5 34.
Kf1 Kg6 35. Be1 Kf5 36. Ng1 Rd1 37. Rxd1 Bxd1 38. Bc3 Ke4 39. Nh3 Bd8 40. f4
Ke3 41. Nxg5 Bb3 42. Ke1 Bd5 43. Bd2+ Kd3 44. Bc3 Bb6 45. Nh3 Ke3 46. Ng5 Bc5
47. Bf6 b5 48. Be5 Bc4 49. Bc3 Bd5 50. Be5 Kd3 51. Nh7 b4 52. axb4 Bxb4+ 53.
Kf2 Bd2 54. Nf6 Bb3 55. Nd7 Be3+ 56. Ke1 Be6 57. Nb8 Bd5 58. Na6 Ke4 59. Nb4
Bb3 60. Nc6 Kf3 61. Nd4+ Kg4 62. Ke2 Bg1 63. Nxb3 axb3 64. Kd3 Bf2 65. Kc4 Bxg3
66. Kxb3 Bxf4 67. Bd4 f5 68. Kc3 Bd6 1/2-1/2

[Event "32. Abierto Ciudad de Sevilla"]
[Site "Sevilla ESP"]
[Date "2007.01.10"]
[Round "4.6"]
[White "Pogorelov, Ruslan"]
[Black "Campora Sivori, Daniel"]
[Result "0-1"]
[WhiteElo "2441"]
[BlackElo "2510"]
[PlyCount "48"]
[EventDate "2007.01.07"]
[EventType "swiss"]
[EventRounds "9"]
[EventCountry "ESP"]
[Source "lmi"]
[SourceDate "2007.01.07"]

1. Nf3 d5 2. d4 Nf6 3. c4 c6 4. Nc3 dxc4 5. a4 Bf5 6. Ne5 Nbd7 7. Nxc4 Qc7 8.
g3 Nb6 9. Bf4 Qd8 10. Ne3 Be6 11. a5 Nbd5 12. a6 b6 13. Bg2 Qd7 14. Nexd5 Nxd5
15. O-O Nxc3 16. bxc3 Bc4 17. Ra4 Bb5 18. c4 Bxa4 19. Qxa4 Rc8 20. Rb1 e5 21.
dxe5 Bc5 22. Rd1 Qe7 23. h4 O-O 24. e3 h6 0-1

[Event "32. Abierto Ciudad de Sevilla"]
[Site "Sevilla ESP"]
[Date "2007.01.10"]
[Round "4.7"]
[White "Krivoshey, Sergei"]
[Black "Rizouk, Aimen"]
[Result "0-1"]
[WhiteElo "2496"]
[BlackElo "2455"]
[PlyCount "91"]
[EventDate "2007.01.07"]
[EventType "swiss"]
[EventRounds "9"]
[EventCountry "ESP"]
[Source "lmi"]
[SourceDate "2007.01.07"]

1. Nf3 Nf6 2. c4 e6 3. Nc3 Bb4 4. Qc2 c5 5. a3 Ba5 6. g3 Nc6 7. Bg2 d6 8. O-O
O-O 9. e3 Qe7 10. d4 Bxc3 11. Qxc3 e5 12. b4 Bg4 13. bxc5 Bxf3 14. Bxf3 exd4
15. exd4 dxc5 16. dxc5 Ne4 17. Qc2 Nxc5 18. Bb2 Ne5 19. Bd5 Rad8 20. Kg2 Ned3
21. Bd4 Rxd5 22. Bxg7 Kxg7 23. cxd5 Qe4+ 24. Kg1 Qxd5 25. Rad1 Re8 26. Qc3+ f6
27. Rfe1 Rxe1+ 28. Qxe1 Ne4 29. Qe3 Nexf2 30. Qe7+ Kg6 31. Qe8+ Kh6 32. Qe3+
Kg6 33. Qe8+ Kf5 34. Qh5+ Ke6 35. Qe8+ Kd6 36. Qf8+ Kc7 37. Qe7+ Kb6 38. Qxf6+
Ka5 39. Rxd3 Nxd3 40. h4 Ne5 41. Qf4 h5 42. Qb4+ Ka6 43. Qa4+ Kb6 44. Qb4+ Kc6
45. Qa4+ Kd6 46. Qf4 0-1

[Event "32. Abierto Ciudad de Sevilla"]
[Site "Sevilla ESP"]
[Date "2007.01.10"]
[Round "4.9"]
[White "Tissir, Mohamed"]
[Black "Movsziszian, Karen"]
[Result "0-1"]
[WhiteElo "2482"]
[BlackElo "2445"]
[PlyCount "144"]
[EventDate "2007.01.07"]
[EventType "swiss"]
[EventRounds "9"]
[EventCountry "ESP"]
[Source "lmi"]
[SourceDate "2007.01.07"]

1. e4 d6 2. d4 g6 3. Nc3 Nf6 4. Be3 c6 5. Nf3 b5 6. Bd3 Bg7 7. h3 O-O 8. Qd2
Qc7 9. O-O e5 10. dxe5 dxe5 11. a4 b4 12. Ne2 c5 13. b3 Bb7 14. Ng3 Rd8 15. Qc1
Qe7 16. Bh6 Nc6 17. Bxg7 Kxg7 18. Qg5 Kh8 19. Rad1 Ng8 20. Qxe7 Ngxe7 21. Ng5
Kg7 22. Bc4 Rxd1 23. Rxd1 Rd8 24. Rxd8 Nxd8 25. Nf3 Ndc6 26. Ne1 Nd4 27. Nd3
Nxc2 28. Nxc5 Bc8 29. Nf1 Nc6 30. Ne3 Nxe3 31. fxe3 Kf6 32. Bd5 Na5 33. Nd3 Be6
34. Nxb4 Nxb3 35. Nc6 a6 36. Kf2 Nc5 37. a5 Bd7 38. Kf3 Be8 39. Nb4 Bb5 40. Nc6
h6 41. Na7 Ba4 42. Nc8 Bd1+ 43. Kf2 Bb3 44. Nb6 Ke7 45. Kf3 Bxd5 46. exd5 f5
47. Nc4 e4+ 48. Ke2 Nd3 49. g4 Nb4 50. d6+ Ke6 51. gxf5+ gxf5 52. Kf2 Nd5 53.
h4 Nf6 54. Kg3 Kd5 55. Nd2 Kxd6 56. Nb3 Nd5 57. Kf2 Nb4 58. Kg3 Nd5 59. Kf2 Ne7
60. Kg3 Kd5 61. Kf4 Ng6+ 62. Kxf5 Nxh4+ 63. Kg4 Nf3 64. Kh5 Kc4 65. Nc1 Kb4 66.
Kxh6 Kxa5 67. Na2 Nd2 68. Kg5 Ka4 69. Kf5 Kb3 70. Nc1+ Kb2 71. Ne2 a5 72. Ng3
a4 0-1

[Event "32. Abierto Ciudad de Sevilla"]
[Site "Sevilla ESP"]
[Date "2007.01.10"]
[Round "4.11"]
[White "Epishin, Vladimir"]
[Black "Jimenez Hernandez, Cayetano"]
[Result "1-0"]
[WhiteElo "2554"]
[BlackElo "2229"]
[PlyCount "91"]
[EventDate "2007.01.07"]
[EventType "swiss"]
[EventRounds "9"]
[EventCountry "ESP"]
[Source "lmi"]
[SourceDate "2007.01.07"]

1. d4 Nf6 2. c4 g6 3. Nc3 Bg7 4. e4 O-O 5. Nf3 d6 6. Be2 e5 7. O-O Nc6 8. d5
Ne7 9. b4 Nh5 10. Qc2 a5 11. bxa5 Rxa5 12. Re1 c5 13. Rb1 Kh8 14. a4 Ng8 15.
Rb5 Ra6 16. Nd2 Nf4 17. Bf1 Qg5 18. Nf3 Qg4 19. Kh1 g5 20. Ng1 Qh5 21. g3 Ng6
22. Qd1 g4 23. Bg2 Bh6 24. Nge2 Bxc1 25. Qxc1 Nh6 26. a5 f6 27. Rf1 Ne7 28. Na4
Bd7 29. Rxb7 Bxa4 30. Rxe7 Rxa5 31. Ng1 Raa8 32. f4 Nf7 33. Ne2 Qh6 34. Rb7 Kg8
35. Nc3 exf4 36. gxf4 Nd8 37. Rb2 Bd7 38. Qe1 Ra3 39. Kg1 Kh8 40. e5 fxe5 41.
fxe5 Rxf1+ 42. Bxf1 dxe5 43. Rb8 Qg5 44. Ne4 Qe7 45. d6 Qf8 46. Qh4 1-0

[Event "32. Abierto Ciudad de Sevilla"]
[Site "Sevilla ESP"]
[Date "2007.01.10"]
[Round "4.12"]
[White "Fenollar Jorda, Manuel"]
[Black "Matamoros Franco, Carlos S"]
[Result "1/2-1/2"]
[WhiteElo "2307"]
[BlackElo "2540"]
[PlyCount "72"]
[EventDate "2007.01.07"]
[EventType "swiss"]
[EventRounds "9"]
[EventCountry "ESP"]
[Source "lmi"]
[SourceDate "2007.01.07"]

1. d4 Nf6 2. Nf3 g6 3. Bg5 Bg7 4. Nbd2 O-O 5. e4 d6 6. Bc4 Nc6 7. O-O Bg4 8. c3
e5 9. dxe5 Nxe5 10. Be2 Qe8 11. Nxe5 Bxe2 12. Qxe2 Qxe5 13. Bxf6 Bxf6 14. Qc4
Qe7 15. Rfe1 Rfe8 16. Kf1 c6 17. a4 Qc7 18. h3 Re6 19. Re2 Rae8 20. Rae1 a6 21.
Nf3 Qa5 22. Re3 Qb6 23. R3e2 Kg7 24. Rd2 d5 25. exd5 Rxe1+ 26. Nxe1 cxd5 27.
Qa2 d4 28. cxd4 Bxd4 29. Nf3 Qc6 30. Qb3 Bf6 31. Qc2 Qxc2 32. Rxc2 Re4 33. b3
Rb4 34. Nd2 Bg5 35. Nf3 Bf6 36. Nd2 Bg5 1/2-1/2

[Event "32. Abierto Ciudad de Sevilla"]
[Site "Sevilla ESP"]
[Date "2007.01.10"]
[Round "4.13"]
[White "Sgnaolin, Davide"]
[Black "Lalic, Bogdan"]
[Result "0-1"]
[WhiteElo "2153"]
[BlackElo "2522"]
[PlyCount "48"]
[EventDate "2007.01.07"]
[EventType "swiss"]
[EventRounds "9"]
[EventCountry "ESP"]
[Source "lmi"]
[SourceDate "2007.01.07"]

1. e4 c5 2. c3 Nf6 3. e5 Nd5 4. d4 cxd4 5. Nf3 d6 6. cxd4 Nc6 7. Bc4 Nb6 8. Bb3
dxe5 9. dxe5 Qxd1+ 10. Bxd1 g6 11. Bf4 Bg7 12. Nbd2 O-O 13. Bb3 a5 14. a3 a4
15. Ba2 Ra5 16. O-O Nxe5 17. Nxe5 Bxe5 18. Bxe5 Rxe5 19. Rfe1 Rxe1+ 20. Rxe1
Rd8 21. Ne4 Bf5 22. Nc5 Rd2 23. g4 Bxg4 24. h3 Be2 0-1

[Event "32. Abierto Ciudad de Sevilla"]
[Site "Sevilla ESP"]
[Date "2007.01.10"]
[Round "4.14"]
[White "Paunovic, Dragan"]
[Black "Romero Garcia, Mariano"]
[Result "1-0"]
[WhiteElo "2516"]
[BlackElo "2171"]
[PlyCount "53"]
[EventDate "2007.01.07"]
[EventType "swiss"]
[EventRounds "9"]
[EventCountry "ESP"]
[Source "lmi"]
[SourceDate "2007.01.07"]

1. d4 d6 2. Nf3 Nf6 3. g3 g6 4. Bg2 Bg7 5. O-O O-O 6. c4 c6 7. Nc3 Qa5 8. h3
Be6 9. Nd2 Qa6 10. d5 cxd5 11. cxd5 Bd7 12. Nf3 b5 13. a3 b4 14. Na2 bxa3 15.
Nc3 Rc8 16. Rxa3 Qb6 17. Be3 Qb4 18. Bxa7 Qb7 19. Qa1 Rc4 20. Bd4 Rxa3 21. Qxa3
Rb4 22. Qa5 Rxb2 23. Qd8+ Bf8 24. Ra1 Qc8 25. Qxc8 Bxc8 26. Ne4 Rxe2 27. Nxf6+
1-0

[Event "32. Abierto Ciudad de Sevilla"]
[Site "Sevilla ESP"]
[Date "2007.01.10"]
[Round "4.15"]
[White "Ivanov, Jordan"]
[Black "Gallardo Fernandez, Cesar"]
[Result "1-0"]
[WhiteElo "2377"]
[BlackElo "2150"]
[PlyCount "59"]
[EventDate "2007.01.07"]
[EventType "swiss"]
[EventRounds "9"]
[EventCountry "ESP"]
[Source "lmi"]
[SourceDate "2007.01.07"]

1. d4 b5 2. e4 Bb7 3. Bd3 e6 4. Nf3 a6 5. O-O d6 6. Qe2 Be7 7. c3 c5 8. dxc5
dxc5 9. a4 b4 10. Rd1 Qc7 11. Nbd2 Nf6 12. a5 bxc3 13. bxc3 Nbd7 14. Nc4 O-O
15. Bg5 Rfe8 16. Rab1 Bc6 17. Nfd2 e5 18. Bxf6 Bxf6 19. Nb6 Nxb6 20. axb6 Qd7
21. Bxa6 Ba4 22. Bb5 Bxb5 23. Qxb5 Red8 24. Qxd7 Rxd7 25. Nc4 Rxd1+ 26. Rxd1
Bd8 27. b7 Rb8 28. Rd7 Kf8 29. Nd6 Be7 30. Nc8 1-0

[Event "32. Abierto Ciudad de Sevilla"]
[Site "Sevilla ESP"]
[Date "2007.01.10"]
[Round "4.16"]
[White "Urbina Perez, Juan Antonio"]
[Black "Vehi Bach, Victor Manuel"]
[Result "1/2-1/2"]
[WhiteElo "2114"]
[BlackElo "2368"]
[PlyCount "57"]
[EventDate "2007.01.07"]
[EventType "swiss"]
[EventRounds "9"]
[EventCountry "ESP"]
[Source "lmi"]
[SourceDate "2007.01.07"]

1. e4 c5 2. Nf3 e6 3. c3 Nf6 4. e5 Nd5 5. g3 d6 6. exd6 Bxd6 7. Bg2 O-O 8. O-O
Nc6 9. Na3 e5 10. d4 cxd4 11. cxd4 e4 12. Ne5 Nxe5 13. dxe5 Bxe5 14. Bxe4 Nf6
15. Qxd8 Rxd8 16. Bf3 Be6 17. Re1 Bd5 18. Bxd5 Rxd5 19. Nc4 Bd4 20. Be3 b5 21.
Bxd4 Rxd4 22. Ne3 Rd2 23. Rab1 h5 24. Nf1 Rc2 25. Ne3 Rc5 26. Rbc1 Rac8 27.
Rxc5 Rxc5 28. Rd1 g6 29. h4 1/2-1/2

[Event "32. Abierto Ciudad de Sevilla"]
[Site "Sevilla ESP"]
[Date "2007.01.10"]
[Round "4.17"]
[White "Razmyslov, Alexander"]
[Black "Astengo, Corrado"]
[Result "1-0"]
[WhiteElo "2349"]
[BlackElo "2117"]
[PlyCount "65"]
[EventDate "2007.01.07"]
[EventType "swiss"]
[EventRounds "9"]
[EventCountry "ESP"]
[Source "lmi"]
[SourceDate "2007.01.07"]

1. e4 c6 2. d4 d5 3. Nd2 dxe4 4. Nxe4 Bf5 5. Ng3 Bg6 6. h4 h6 7. Nf3 Nd7 8. h5
Bh7 9. Bd3 Bxd3 10. Qxd3 Qc7 11. Bd2 e6 12. O-O-O Ngf6 13. Qe2 O-O-O 14. Ne5
Nb6 15. Ba5 Bd6 16. f4 c5 17. Kb1 cxd4 18. Bxb6 Qxb6 19. Nxf7 Bxf4 20. Ne4 Rhf8
21. Nxd8 Rxd8 22. Rhf1 e5 23. g3 Be3 24. Qf3 Qe6 25. Nxf6 gxf6 26. Qxf6 Qxf6
27. Rxf6 Rg8 28. Rg6 Rf8 29. Re6 Rf5 30. g4 Rg5 31. Rg6 Kd7 32. Rxg5 Bxg5 33.
c3 1-0

[Event "32. Abierto Ciudad de Sevilla"]
[Site "Sevilla ESP"]
[Date "2007.01.10"]
[Round "4.18"]
[White "Teran Alvarez, Ismael"]
[Black "Maza Lopez De Los Mozos, Santiago"]
[Result "1-0"]
[WhiteElo "2417"]
[BlackElo "2060"]
[PlyCount "41"]
[EventDate "2007.01.07"]
[EventType "swiss"]
[EventRounds "9"]
[EventCountry "ESP"]
[Source "lmi"]
[SourceDate "2007.01.07"]

1. e4 c6 2. d4 d5 3. e5 Bf5 4. Be2 e6 5. Nf3 Nd7 6. O-O Ne7 7. Be3 c5 8. c4 Qc7
9. Nc3 a6 10. cxd5 Nxd5 11. Nxd5 exd5 12. dxc5 Rd8 13. Nd4 Be6 14. f4 g6 15.
Rc1 Nb8 16. b4 Nc6 17. b5 Nxd4 18. Bxd4 axb5 19. Bxb5+ Bd7 20. Bxd7+ Qxd7 21.
e6 1-0

[Event "32. Abierto Ciudad de Sevilla"]
[Site "Sevilla ESP"]
[Date "2007.01.10"]
[Round "4.19"]
[White "Morillo-Velarde Gallego, Antonio"]
[Black "Kononenko, Tatiana"]
[Result "1/2-1/2"]
[WhiteElo "2051"]
[BlackElo "2379"]
[PlyCount "53"]
[EventDate "2007.01.07"]
[EventType "swiss"]
[EventRounds "9"]
[EventCountry "ESP"]
[Source "lmi"]
[SourceDate "2007.01.07"]

1. e4 e6 2. d4 d5 3. exd5 exd5 4. Nf3 Bd6 5. Bd3 Nc6 6. c3 Bg4 7. O-O Nge7 8.
Re1 Qd7 9. b4 f6 10. Nbd2 O-O 11. Qc2 Bf5 12. Nf1 Bxd3 13. Qxd3 Ng6 14. a4 a5
15. b5 Nce7 16. Ne3 Rfe8 17. Qc2 Nh8 18. Qb3 Nf7 19. Bb2 Rad8 20. Rad1 g6 21.
Kf1 c6 22. Re2 Kg7 23. Rde1 Nc8 24. bxc6 bxc6 25. c4 Bb4 26. Bc3 dxc4 27. Nxc4
1/2-1/2

[Event "32. Abierto Ciudad de Sevilla"]
[Site "Sevilla ESP"]
[Date "2007.01.10"]
[Round "4.20"]
[White "Garcia Luque, Agustin"]
[Black "Martin Rodriguez, Jose Maria"]
[Result "1-0"]
[WhiteElo "2373"]
[BlackElo "2047"]
[PlyCount "75"]
[EventDate "2007.01.07"]
[EventType "swiss"]
[EventRounds "9"]
[EventCountry "ESP"]
[Source "lmi"]
[SourceDate "2007.01.07"]

1. e4 e5 2. Nf3 Nc6 3. Bb5 d6 4. O-O Bd7 5. c3 Nf6 6. Re1 Be7 7. d4 O-O 8. Ba4
a6 9. Nbd2 b5 10. Bb3 Bg4 11. h3 Bh5 12. Nf1 Nd7 13. Bd5 Bxf3 14. Qxf3 Ndb8 15.
a4 bxa4 16. Rxa4 a5 17. Ne3 Ra7 18. Nf5 Bf6 19. Qg3 Kh8 20. h4 Ne7 21. Nxe7
Qxe7 22. dxe5 dxe5 23. h5 h6 24. Be3 c5 25. Rea1 Qc7 26. b4 Nd7 27. bxa5 Bd8
28. Qf3 Nf6 29. Qd1 Qd6 30. a6 Bb6 31. Bb7 Qc7 32. Rb1 Ba5 33. Ra3 Rb8 34. Rb5
Bb6 35. Rab3 Rd8 36. Qb1 Ng4 37. Rxb6 c4 38. R3b5 1-0

[Event "32. Abierto Ciudad de Sevilla"]
[Site "Sevilla ESP"]
[Date "2007.01.10"]
[Round "4.21"]
[White "Ruiz Alcalde, Juan Luis"]
[Black "Lanzani, Mario"]
[Result "0-1"]
[WhiteElo "2018"]
[BlackElo "2338"]
[PlyCount "60"]
[EventDate "2007.01.07"]
[EventType "swiss"]
[EventRounds "9"]
[EventCountry "ESP"]
[Source "lmi"]
[SourceDate "2007.01.07"]

1. c4 e6 2. Nc3 d5 3. cxd5 exd5 4. d4 c5 5. Nf3 Nc6 6. g3 Nf6 7. Bg2 Be7 8. O-O
O-O 9. Bg5 cxd4 10. Nxd4 Qb6 11. e3 Qxb2 12. Na4 Qb4 13. Rb1 Qa5 14. Rb5 Qc7
15. Bxf6 Bxf6 16. Rxd5 Nxd4 17. exd4 b6 18. Rh5 Rb8 19. Qd3 g6 20. Rd5 Bb7 21.
Nc3 Bxd5 22. Nxd5 Qd6 23. f4 b5 24. f5 g5 25. h4 gxh4 26. gxh4 Kh8 27. Nxf6
Qxf6 28. Rf4 Rg8 29. Qe2 Rbe8 30. Re4 Qxd4+ 0-1

[Event "32. Abierto Ciudad de Sevilla"]
[Site "Sevilla ESP"]
[Date "2007.01.10"]
[Round "4.22"]
[White "Romero Lopez, Marta"]
[Black "Gonzalez Galvan, Juan Manuel"]
[Result "0-1"]
[WhiteElo "1973"]
[BlackElo "2294"]
[PlyCount "126"]
[EventDate "2007.01.07"]
[EventType "swiss"]
[EventRounds "9"]
[EventCountry "ESP"]
[Source "lmi"]
[SourceDate "2007.01.07"]

1. e4 c5 2. d3 g6 3. g3 d5 4. Nc3 dxe4 5. Nxe4 Bg7 6. Bg2 Nf6 7. Ne2 Nxe4 8.
Bxe4 Nc6 9. Bg2 h5 10. h3 Bf5 11. Nc3 c4 12. dxc4 Nd4 13. Be4 Qa5 14. O-O Bxe4
15. Nxe4 Qf5 16. c3 Nc6 17. Qe2 Qxh3 18. Ng5 Qf5 19. Qf3 Qxf3 20. Nxf3 Na5 21.
b3 Bxc3 22. Rb1 Rd8 23. Bb2 Bxb2 24. Rxb2 f6 25. Re2 Kf7 26. Rfe1 e5 27. Kg2
Nc6 28. Rb2 Rhe8 29. Nd2 Re7 30. Nf1 Red7 31. Ree2 Nb4 32. Ne3 h4 33. a3 Nd3
34. Rb1 hxg3 35. fxg3 Rh8 36. Nd5 f5 37. Rf1 Ke6 38. Re3 Rdh7 39. Rxd3 Rh2+ 40.
Kg1 Rh1+ 41. Kf2 R1h2+ 42. Ke1 Rb2 43. b4 Rhh2 44. a4 e4 45. Nf4+ Kf7 46. Rd7+
Ke8 47. Rd4 e3 48. Rd3 Kf7 49. Rd5 e2 50. Nxe2 Rbxe2+ 51. Kd1 Ra2 52. Ke1 Rxa4
53. g4 Rxb4 54. gxf5 Rb1+ 55. Rd1 Rxd1+ 56. Kxd1 g5 57. Rf3 Kf6 58. Ra3 a6 59.
c5 Kxf5 60. c6 bxc6 61. Rxa6 g4 62. Rxc6 g3 63. Rc8 g2 0-1

[Event "32. Abierto Ciudad de Sevilla"]
[Site "Sevilla ESP"]
[Date "2007.01.11"]
[Round "5.2"]
[White "Rizouk, Aimen"]
[Black "Dizdar, Goran"]
[Result "1/2-1/2"]
[WhiteElo "2455"]
[BlackElo "2541"]
[PlyCount "30"]
[EventDate "2007.01.07"]
[EventType "swiss"]
[EventRounds "9"]
[EventCountry "ESP"]
[Source "lmi"]
[SourceDate "2007.01.07"]

1. e4 e6 2. d4 d5 3. Nd2 c5 4. exd5 exd5 5. Ngf3 a6 6. dxc5 Bxc5 7. Nb3 Bb6 8.
Qe2+ Qe7 9. Nfd4 Nf6 10. Bg5 Be6 11. O-O-O Nc6 12. Kb1 Nxd4 13. Nxd4 h6 14. Bh4
g5 15. Bg3 Ne4 1/2-1/2

[Event "32. Abierto Ciudad de Sevilla"]
[Site "Sevilla ESP"]
[Date "2007.01.11"]
[Round "5.3"]
[White "Campora Sivori, Daniel"]
[Black "Movsziszian, Karen"]
[Result "1/2-1/2"]
[WhiteElo "2510"]
[BlackElo "2445"]
[PlyCount "52"]
[EventDate "2007.01.07"]
[EventType "swiss"]
[EventRounds "9"]
[EventCountry "ESP"]
[Source "lmi"]
[SourceDate "2007.01.07"]

1. d4 d6 2. c4 f5 3. Nc3 Nf6 4. g3 g6 5. Bg2 Bg7 6. Nf3 O-O 7. d5 e5 8. dxe6 c6
9. Ng5 Qe7 10. Bf4 Ne8 11. O-O h6 12. Nf7 Bxe6 13. Nxd6 Na6 14. Nxe8 Qxe8 15.
Qc1 g5 16. Bd6 Rf7 17. c5 Bf8 18. Rd1 Nxc5 19. Nb5 Na6 20. Bxf8 Qxf8 21. Nd4
Bd7 22. Qc4 Qb4 23. Qxb4 Nxb4 24. a3 Na6 25. Rac1 Nc7 26. Rd2 Re8 1/2-1/2

[Event "32. Abierto Ciudad de Sevilla"]
[Site "Sevilla ESP"]
[Date "2007.01.11"]
[Round "5.4"]
[White "Parligras, Mircea"]
[Black "Burmakin, Vladimir"]
[Result "1/2-1/2"]
[WhiteElo "2494"]
[BlackElo "2568"]
[PlyCount "31"]
[EventDate "2007.01.07"]
[EventType "swiss"]
[EventRounds "9"]
[EventCountry "ESP"]
[Source "lmi"]
[SourceDate "2007.01.07"]

1. e4 c6 2. d4 d5 3. e5 Bf5 4. Nf3 e6 5. Be2 Nd7 6. O-O h6 7. b3 Bh7 8. c4 Ne7
9. Nc3 Ng6 10. cxd5 cxd5 11. Bd3 Be7 12. Ne2 O-O 13. Bb2 Qa5 14. Bc3 Bb4 15.
Bxb4 Qxb4 16. Qe1 1/2-1/2

[Event "32. Abierto Ciudad de Sevilla"]
[Site "Sevilla ESP"]
[Date "2007.01.11"]
[Round "5.5"]
[White "Gavrilov, Alexei"]
[Black "Epishin, Vladimir"]
[Result "1/2-1/2"]
[WhiteElo "2465"]
[BlackElo "2554"]
[PlyCount "55"]
[EventDate "2007.01.07"]
[EventType "swiss"]
[EventRounds "9"]
[EventCountry "ESP"]
[Source "lmi"]
[SourceDate "2007.01.07"]

1. e4 c5 2. c3 Nf6 3. e5 Nd5 4. Nf3 Nc6 5. Bc4 Nb6 6. Bb3 c4 7. Bc2 Qc7 8. Qe2
g5 9. h3 Bg7 10. O-O Nxe5 11. Nxg5 d5 12. Re1 Qd6 13. Nf3 Ng6 14. d4 cxd3 15.
Bxd3 Bf6 16. Na3 a6 17. c4 Be6 18. Ng5 Bxg5 19. Bxg5 Rg8 20. Rad1 h6 21. Bxg6
Rxg6 22. Bh4 Qc5 23. cxd5 Nxd5 24. Qe5 Rc8 25. Qh8+ Kd7 26. Qe5 Ke8 27. Qh8+
Kd7 28. Qe5 1/2-1/2

[Event "32. Abierto Ciudad de Sevilla"]
[Site "Sevilla ESP"]
[Date "2007.01.11"]
[Round "5.6"]
[White "Lopez Martinez, Josep Manuel"]
[Black "Fernandez Romero, Ernesto"]
[Result "1-0"]
[WhiteElo "2550"]
[BlackElo "2434"]
[PlyCount "69"]
[EventDate "2007.01.07"]
[EventType "swiss"]
[EventRounds "9"]
[EventCountry "ESP"]
[Source "lmi"]
[SourceDate "2007.01.07"]

1. e4 c6 2. d4 d5 3. e5 c5 4. dxc5 Nc6 5. Bb5 e6 6. Be3 Nge7 7. c3 Qc7 8. Nf3
Bd7 9. Bd4 h6 10. O-O g5 11. Re1 Bg7 12. h3 Ng6 13. Bxc6 Bxc6 14. Na3 O-O 15.
Nc2 Rae8 16. Qd3 Nf4 17. Qd2 Ng6 18. Qd3 Nf4 19. Qe3 f5 20. exf6 Bxf6 21. Ne5
Qh7 22. Nb4 Bxe5 23. Qxe5 Bb5 24. a4 Bc4 25. a5 Rf5 26. Qd6 Qf7 27. c6 bxc6 28.
Nxc6 Ne2+ 29. Rxe2 Bxe2 30. Re1 Bc4 31. Nd8 Qe7 32. Rxe6 Qxd6 33. Rxd6 a6 34.
Rg6+ Kf8 35. Bc5+ 1-0

[Event "32. Abierto Ciudad de Sevilla"]
[Site "Sevilla ESP"]
[Date "2007.01.11"]
[Round "5.7"]
[White "Lariño Nieto, David"]
[Black "Narciso Dublan, Marc"]
[Result "1/2-1/2"]
[WhiteElo "2450"]
[BlackElo "2537"]
[PlyCount "55"]
[EventDate "2007.01.07"]
[EventType "swiss"]
[EventRounds "9"]
[EventCountry "ESP"]
[Source "lmi"]
[SourceDate "2007.01.07"]

1. e4 d6 2. Nc3 Nf6 3. g3 c5 4. Bg2 Nc6 5. d3 g6 6. f4 Bg7 7. Nf3 Bg4 8. h3
Bxf3 9. Qxf3 O-O 10. O-O Rc8 11. g4 e6 12. f5 Nd7 13. Qg3 Be5 14. Qf2 Bd4 15.
Be3 Qb6 16. Ne2 Bxe3 17. Qxe3 Nd4 18. Nxd4 cxd4 19. Qh6 Rxc2 20. b3 Qb5 21. f6
Nxf6 22. Rxf6 Qxd3 23. Raf1 Rxa2 24. R6f3 Qc2 25. R1f2 Qb1+ 26. Rf1 Qc2 27.
R1f2 Qb1+ 28. Rf1 1/2-1/2

[Event "32. Abierto Ciudad de Sevilla"]
[Site "Sevilla ESP"]
[Date "2007.01.11"]
[Round "5.8"]
[White "Lalic, Bogdan"]
[Black "Ivanov, Jordan"]
[Result "1/2-1/2"]
[WhiteElo "2522"]
[BlackElo "2377"]
[PlyCount "29"]
[EventDate "2007.01.07"]
[EventType "swiss"]
[EventRounds "9"]
[EventCountry "ESP"]
[Source "lmi"]
[SourceDate "2007.01.07"]

1. d4 d5 2. c4 dxc4 3. e4 Nf6 4. e5 Nd5 5. Bxc4 Nb6 6. Bd3 Nc6 7. Be3 Nb4 8.
Be4 f5 9. exf6 exf6 10. Nc3 f5 11. Bf3 N4d5 12. Bd2 Be6 13. Nh3 Qd7 14. O-O
O-O-O 15. Re1 1/2-1/2

[Event "32. Abierto Ciudad de Sevilla"]
[Site "Sevilla ESP"]
[Date "2007.01.11"]
[Round "5.9"]
[White "Razmyslov, Alexander"]
[Black "Paunovic, Dragan"]
[Result "1/2-1/2"]
[WhiteElo "2349"]
[BlackElo "2516"]
[PlyCount "63"]
[EventDate "2007.01.07"]
[EventType "swiss"]
[EventRounds "9"]
[EventCountry "ESP"]
[Source "lmi"]
[SourceDate "2007.01.07"]

1. e4 c5 2. Nf3 e6 3. d4 cxd4 4. Nxd4 a6 5. Nc3 Qc7 6. Bd3 Nf6 7. O-O d6 8. Kh1
b5 9. f4 b4 10. Nb1 Bb7 11. Nd2 Nbd7 12. N4b3 Be7 13. Qe2 O-O 14. a3 a5 15. a4
Rac8 16. Nf3 Nc5 17. Nxc5 dxc5 18. b3 c4 19. bxc4 Rfd8 20. Nd2 Nd7 21. Bb2 e5
22. Nb3 Bf6 23. Rae1 Re8 24. fxe5 Bxe5 25. Bxe5 Nxe5 26. c5 Re6 27. Rf5 Rd8 28.
h3 g6 29. Rff1 Kg7 30. Qe3 Ree8 31. Bb5 Re7 32. Qf4 1/2-1/2

[Event "32. Abierto Ciudad de Sevilla"]
[Site "Sevilla ESP"]
[Date "2007.01.11"]
[Round "5.10"]
[White "Aranaz Portugues, Jose Carlos"]
[Black "Korneev, Oleg"]
[Result "0-1"]
[WhiteElo "2180"]
[BlackElo "2606"]
[PlyCount "62"]
[EventDate "2007.01.07"]
[EventType "swiss"]
[EventRounds "9"]
[EventCountry "ESP"]
[Source "lmi"]
[SourceDate "2007.01.07"]

1. d4 Nf6 2. Bg5 e6 3. e4 h6 4. Bxf6 Qxf6 5. Nc3 Bb4 6. Qd2 d5 7. e5 Qd8 8. a3
Be7 9. Nce2 c5 10. c3 Nc6 11. Nf3 Bd7 12. b4 cxd4 13. Nexd4 Qc7 14. Nxc6 bxc6
15. Bd3 c5 16. O-O O-O 17. Rfe1 Rab8 18. Rac1 a5 19. Bb1 Rfc8 20. h4 Kf8 21. h5
Qa7 22. Qd3 Ke8 23. c4 dxc4 24. Qxc4 cxb4 25. Qg4 Rxc1 26. Rxc1 bxa3 27. Qxg7
Rb2 28. Qg8+ Bf8 29. Qg3 a2 30. Bh7 Qc5 31. Re1 Qc4 0-1

[Event "32. Abierto Ciudad de Sevilla"]
[Site "Sevilla ESP"]
[Date "2007.01.11"]
[Round "5.11"]
[White "Matamoros Franco, Carlos S"]
[Black "Perez Garcia, Roberto"]
[Result "1-0"]
[WhiteElo "2540"]
[BlackElo "2172"]
[PlyCount "51"]
[EventDate "2007.01.07"]
[EventType "swiss"]
[EventRounds "9"]
[EventCountry "ESP"]
[Source "lmi"]
[SourceDate "2007.01.07"]

1. Nf3 Nf6 2. g3 g6 3. c4 Bg7 4. Bg2 O-O 5. O-O d6 6. d4 Nbd7 7. Nc3 e5 8. e4
exd4 9. Nxd4 Re8 10. h3 a6 11. Be3 Rb8 12. b3 c5 13. Nc2 b5 14. Qxd6 Rb6 15.
Qd2 bxc4 16. bxc4 Ne5 17. Qxd8 Rxd8 18. Rad1 Re8 19. Na3 Be6 20. Nd5 Rb2 21. f4
Ned7 22. Nc7 Re7 23. Nxe6 fxe6 24. e5 Nh5 25. Rf2 Rxf2 26. Bxf2 1-0